| 000 | 01300nam0a2200385 4500 | ||
|---|---|---|---|
| 001 | RU\NLR\BIBL_A\022614412 | ||
| 005 | 20260420052900.0 | ||
| 010 |
_a978-5-00155-822-4 _91500 |
||
| 021 |
_aRU _bКН-П-25-041720 _9КН-П-25-4063 |
||
| 035 | _a(NLR Aleph) 022614412 | ||
| 090 |
_a13683673 _c13683673 |
||
| 100 | _a20250904d2025 u y0rusy50 ca | ||
| 101 | 0 | _arus | |
| 102 | _aRU | ||
| 105 | _aа z 000zy | ||
| 181 | 0 |
_ai _baxxe |
|
| 182 | 0 | _an | |
| 200 | 1 |
_aБАРС - 19 _fАлександр Добрый |
|
| 203 |
_aТекст _bвизуальный _cнепосредственный |
||
| 210 |
_aМосква _cЯуза _d2025 |
||
| 215 |
_a189, [2] с. _cил. _d21 |
||
| 225 | 1 | _a"Лейтенантская проза" СВО | |
| 225 | 1 | _aВоенная проза XXI века | |
| 333 | _a16+ | ||
| 686 | 2 | _aШ6(2=Р)8-440.5СВО | |
| 700 | 1 |
_aДобрый _bА. _gАлександр |
|
| 712 | 0 | 2 |
_4570 _a"БАРС-19", добровольческий отряд _92676764 _3RU\NLR\AUTH\880630812 |
| 942 | _cBOOK | ||
| 980 | _aSVO | ||
| 980 | _aNB | ||